000 00498nam a2200217Ia 4500
003 OSt
005 20230511150546.0
008 210423s2013 xx 000 0 und d
020 _a9788120320468
040 _cAL
041 _aeng
082 _a514
_223
_bMUNJ
100 _aMUNKRES (James R).
_996000
245 _aTopology.
250 _a2
260 _aNew Delhi
_bPHI Learning Pvt Ltd
_c2013
300 _axvi,537
_bPB
365 _b395
_cINR
906 _aTopology.
942 _2ddc
_cBK
999 _c161468
_d161468